000 00640nab a2200193 4500
001 244442
003 OSt
005 20250826082604.0
007 tu
008 200917s2020|||||||
040 _aDE-2950
_cDE-2950
245 0 0 _aNoch ist Warten angesagt
_bFinanzierung. Kommt nun doch Bewegung in die dringend benötigte Sanierung des Hallenbads? Das Land hat positiv für die Freigabe von Fördergeld votiert/
_cThomas Meiler
264 _c2024
653 _aFrankfurt (Oder)
653 _aHallenbad
653 _aSanierung
773 0 _g36. Jahrgang (2025) Nr. 195 vom 22.08.2025, S. 13 mit Foto
_tMärkische Oderzeitung
942 _2z
_cA
999 _c373972
_d373972